| 000 | 00547nam a22001697a 4500 | ||
|---|---|---|---|
| 999 |
_c7418 _d7418 |
||
| 005 | 20211122171330.0 | ||
| 008 | 211122b ||||| |||| 00| 0 eng d | ||
| 020 | _a9788420684185 | ||
| 040 | _aCDMR | ||
| 100 |
_94723 _aElías, Carlos |
||
| 245 |
_aFundamentos de periodismo científico y divulgación mediática _c/ Carlos Elías |
||
| 260 |
_aMadrid: _bAlianza Editorial, _c2008 |
||
| 300 |
_a239 pàgines : _bil·lustracions; _c24 cm |
||
| 650 | 0 |
_92804 _aPeriodisme científic |
|
| 650 | 0 |
_93668 _aComunicació i ciència |
|
| 942 |
_2udc _cMON |
||